00389 a2200121 4500001001000000005001700010008004100027245006100068100002000129700003300149773006800182999001700250ART_5154420260410162008.0260409a 10aEl tiempo de la reparación en el Estado constitucional1 aTomas, Lucas P.1 aBellotti San Martín, Lucas0 tTemas de derecho civilg- Año 6, N° 11 (nov. 2020)wREV34778 c31913d31913